| 000 | 00432nam a2200181Ia 4500 | ||
|---|---|---|---|
| 003 | OSt | ||
| 005 | 20220608144516.0 | ||
| 008 | 211109s9999||||xx |||||||||||||| ||und|| | ||
| 040 | _cSBCL | ||
| 082 |
_a894.8124 _bPAV-P |
||
| 100 | _aPAVANAN | ||
| 245 | 0 | _aPAVANANTE THIRENJEDUTHA KRUTHIKAL | |
| 260 |
_bSPSS _aKOTTAYAM _c1987 |
||
| 300 | _a655 | ||
| 630 | _xGENERAL STACK | ||
| 650 |
_aMALAYALAM _vMALAYALAM ESAYS |
||
| 942 | _cBOOK | ||
| 999 |
_c38696 _d38696 |
||